000 00449nam a2200181Ia 4500
001 10757
005 20260306161855.0
008 260306t1985||||xx |||||||||||||| ||spa||
041 _aESP
082 _a947
_bC28 T. 3
100 _aCarr, E. H.
_eAUT
245 0 _aLa revolución Bolchevique (1917-1923):
_bla Rusia SoviƩtica y el mundo
260 _c1985
300 _a
_c20 cm.
650 _aGEN
654 _aCHU
942 _cLIB
_dJUS
_fJUS
_2ddc
_n
999 _c10757
_d10757